| 000 | 00627nam a22001817a 4500 | ||
|---|---|---|---|
| 999 |
_c13406 _d13406 |
||
| 003 | AR-CdUCM | ||
| 008 | 190415b ||||| |||| 00| 0 spa d | ||
| 040 |
_aMUNICIPALIDAD PROVINCIAL DEL CUSCO _cBIBLIOTECA MUNICIPAL DEL CUSCO |
||
| 082 |
_a340.92 / _bN98 |
||
| 100 |
_aNuñez, Estuardo _92660 |
||
| 245 | _aSemblanza de José Palacios, Abogado, Jurista y Hombre de Letras / | ||
| 260 |
_aLima : _c1973. |
||
| 300 |
_a23 páginas ; _c24cm |
||
| 500 | _aSeparata de la revista El Foro - Año LIX - Nos. 1, 2 y 3 Enero-Diciembre 1972. | ||
| 650 |
_aDerecho peruano _921203 |
||
| 942 |
_2ddc _cLIBROS |
||
| 945 |
_anom _d2019-04-15 |
||